[Event "2012"]
[Site "Pyhajarve"]
[Date "2012.11.25"]
[Round "21.1"]
[White "SHORT, Nigel"]
[Black "SIEMER, Tambet"]
[Result "1-0"]
[LiveChessVersion "1.3.1"]
[BlackElo "2046"]
[WhiteElo "2702"]

1. e4 {[%clk 0:05:59]} c6 {[%clk 0:13:55]} 2. Nc3 {[%clk 0:05:57]} d5
{[%clk 0:13:54]} 3. Nf3 {[%clk 0:05:56]} dxe4 {[%clk 0:13:53]} 4. Nxe4
{[%clk 0:05:54]} Nf6 {[%clk 0:13:52]} 5. Nxf6+ {[%clk 0:05:52]} exf6
{[%clk 0:13:51]} 6. Bc4 {[%clk 0:05:47]} Bd6 {[%clk 0:12:50]} 7. O-O
{[%clk 0:05:45]} O-O {[%clk 0:12:46]} 8. d4 {[%clk 0:05:43]} Nd7 {[%clk 0:12:40]}
9. Bb3 {[%clk 0:05:34]} Re8 {[%clk 0:12:33]} 10. Be3 {[%clk 0:05:08]} Nf8
{[%clk 0:12:29]} 11. c4 {[%clk 0:05:03]} Bg4 {[%clk 0:12:17]} 12. h3
{[%clk 0:04:51]} Bf5 {[%clk 0:11:42]} 13. c5 {[%clk 0:04:48]} Bc7
{[%clk 0:11:28]} 14. d5 {[%clk 0:04:47]} cxd5 {[%clk 0:10:51]} 15. Qxd5
{[%clk 0:04:45]} Qe7 {[%clk 0:10:45]} 16. Qxf5 1-0

[Event "2012"]
[Site "Pyhajarve"]
[Date "2012.11.25"]
[Round "21.2"]
[White "NYBACK, Tomi"]
[Black "VIHMAND, Ants"]
[Result "1-0"]
[LiveChessVersion "1.3.1"]
[BlackElo "2176"]
[WhiteElo "2631"]

1. d4 {[%clk 0:05:58]} Nc6 {[%clk 0:13:51]} 2. Nf3 {[%clk 0:05:54]} d5
{[%clk 0:13:27]} 3. c4 {[%clk 0:05:52]} dxc4 {[%clk 0:13:01]} 4. Nc3
{[%clk 0:05:43]} Bg4 {[%clk 0:12:17]} 5. d5 {[%clk 0:05:37]} Bxf3
{[%clk 0:12:09]} 6. exf3 {[%clk 0:05:28]} Nb8 {[%clk 0:10:50]} 7. Bxc4 a6 8. O-O
{[%clk 0:05:07]} Nf6 {[%clk 0:10:48]} 9. Re1 {[%clk 0:05:02]} g6 {[%clk 0:10:47]}
10. Bg5 {[%clk 0:04:18]} Bg7 {[%clk 0:10:43]} 11. Qe2 {[%clk 0:04:15]} c5
{[%clk 0:09:55]} 12. Rad1 {[%clk 0:03:47]} b5 {[%clk 0:09:52]} 13. d6
{[%clk 0:03:40]} Nc6 {[%clk 0:08:56]} 14. dxe7 {[%clk 0:03:34]} Qb6
{[%clk 0:08:09]} 15. Bxf7+ {[%clk 0:03:23]} Kxf7 {[%clk 0:08:00]} 16. Qe6+
{[%clk 0:03:21]} Ke8 {[%clk 0:07:56]} 17. Bxf6 {[%clk 0:03:19]} 1-0

[Event "2012"]
[Site "Pyhajarve"]
[Date "2012.11.25"]
[Round "21.5"]
[White "LAPIDUS, Mark"]
[Black "VOLODIN, Aleksandr"]
[Result "0-1"]
[LiveChessVersion "1.3.1"]
[BlackElo "2446"]
[WhiteElo "2298"]

1. d4 {[%clk 0:11:59]} Nf6 {[%clk 0:07:59]} 2. c4 {[%clk 0:11:58]} c5
{[%clk 0:07:58]} 3. Nf3 {[%clk 0:11:56]} cxd4 {[%clk 0:07:56]} 4. Nxd4 b6 5. Nc3
{[%clk 0:11:48]} Bb7 {[%clk 0:07:55]} 6. Qc2 {[%clk 0:11:47]} d6 {[%clk 0:07:52]}
7. e4 {[%clk 0:11:45]} Nbd7 {[%clk 0:07:51]} 8. Be2 {[%clk 0:11:41]} e6
{[%clk 0:07:48]} 9. O-O {[%clk 0:11:39]} Be7 {[%clk 0:07:47]} 10. Be3
{[%clk 0:11:30]} a6 {[%clk 0:07:42]} 11. Rac1 {[%clk 0:11:20]} O-O
{[%clk 0:07:39]} 12. f3 {[%clk 0:11:17]} Rc8 {[%clk 0:07:37]} 13. Qd2
{[%clk 0:11:02]} Qc7 {[%clk 0:07:33]} 14. Rfd1 {[%clk 0:10:56]} Rfe8
{[%clk 0:07:32]} 15. Qe1 {[%clk 0:10:52]} Qb8 {[%clk 0:07:31]} 16. Qf2
{[%clk 0:10:39]} Bd8 {[%clk 0:07:30]} 17. Nb3 {[%clk 0:09:38]} Bc7
{[%clk 0:07:13]} 18. g3 {[%clk 0:09:35]} h5 {[%clk 0:07:01]} 19. Bg5
{[%clk 0:08:59]} Bd8 {[%clk 0:06:43]} 20. Bf4 {[%clk 0:08:36]} Ne5
{[%clk 0:06:42]} 21. Rd2 {[%clk 0:08:06]} Bc7 {[%clk 0:06:30]} 22. Rcd1
{[%clk 0:07:48]} h4 {[%clk 0:06:20]} 23. gxh4 {[%clk 0:07:34]} d5
{[%clk 0:06:09]} 24. Bxe5 {[%clk 0:07:10]} Bxe5 {[%clk 0:06:08]} 25. cxd5
{[%clk 0:07:08]} exd5 {[%clk 0:05:27]} 26. Nxd5 {[%clk 0:07:03]} Nxd5
{[%clk 0:05:18]} 27. exd5 {[%clk 0:07:01]} Bf4 {[%clk 0:05:17]} 28. Rd3
{[%clk 0:06:44]} Rc2 {[%clk 0:05:12]} 29. Nd4 {[%clk 0:06:02]} Rxb2
{[%clk 0:05:01]} 30. Qg2 {[%clk 0:05:09]} Qe5 {[%clk 0:04:50]} 31. Kh1
{[%clk 0:04:48]} Bxd5 {[%clk 0:04:38]} 32. Rg1 {[%clk 0:04:23]} g6
{[%clk 0:04:37]} 33. Qg4 {[%clk 0:03:41]} Rxe2 {[%clk 0:04:10]} 34. Nxe2
{[%clk 0:03:37]} Qxe2 {[%clk 0:04:09]} 0-1

[Event "2012"]
[Site "Pyhajarve"]
[Date "2012.11.25"]
[Round "21.6"]
[White "SEEMAN, Tarvo"]
[Black "REBANE, Raul"]
[Result "1-0"]
[LiveChessVersion "1.3.1"]
[BlackElo "2147"]
[WhiteElo "2386"]

1. Nf3 {[%clk 0:05:58]} c6 {[%clk 0:13:59]} 2. g3 {[%clk 0:05:57]} g6
{[%clk 0:13:58]} 3. Bg2 Bg7 4. O-O {[%clk 0:05:54]} Nf6 {[%clk 0:13:58]} 5. d3
{[%clk 0:05:53]} d5 {[%clk 0:13:57]} 6. Nbd2 {[%clk 0:05:52]} O-O
{[%clk 0:13:55]} 7. e4 {[%clk 0:05:51]} Bg4 {[%clk 0:13:53]} 8. h3
{[%clk 0:05:50]} Bxf3 9. Qxf3 {[%clk 0:05:48]} e6 {[%clk 0:13:51]} 10. Qe2
{[%clk 0:05:45]} a5 {[%clk 0:13:49]} 11. a4 Na6 12. Nf3 {[%clk 0:05:18]} Nd7
{[%clk 0:13:19]} 13. h4 {[%clk 0:05:14]} Qb6 {[%clk 0:12:21]} 14. e5
{[%clk 0:05:03]} c5 {[%clk 0:12:04]} 15. c3 {[%clk 0:04:44]} Rac8
{[%clk 0:11:50]} 16. Bf4 {[%clk 0:04:37]} Nab8 {[%clk 0:10:58]} 17. Rfe1
{[%clk 0:04:26]} Nc6 {[%clk 0:10:57]} 18. h5 {[%clk 0:04:22]} Qc7
{[%clk 0:10:32]} 19. hxg6 {[%clk 0:04:16]} hxg6 {[%clk 0:10:27]} 20. Bh3
{[%clk 0:04:08]} d4 {[%clk 0:10:04]} 21. Bg2 {[%clk 0:04:02]} dxc3
{[%clk 0:10:01]} 22. bxc3 {[%clk 0:04:02]} Ne7 {[%clk 0:09:55]} 23. Ng5
{[%clk 0:03:55]} Nf5 {[%clk 0:08:13]} 24. Qg4 {[%clk 0:03:48]} Rfe8
{[%clk 0:07:30]} 25. Qh3 {[%clk 0:03:44]} Kf8 {[%clk 0:06:33]} 26. g4
{[%clk 0:03:29]} Nh6 {[%clk 0:06:03]} 27. d4 {[%clk 0:03:25]} cxd4
{[%clk 0:05:53]} 28. cxd4 {[%clk 0:03:24]} Qc3 {[%clk 0:05:26]} 29. Qh4
{[%clk 0:03:03]} Qxd4 {[%clk 0:03:26]} 30. Nh7+ {[%clk 0:03:03]} Kg8
{[%clk 0:03:24]} 31. Bxh6 {[%clk 0:03:01]} Nxe5 {[%clk 0:03:05]} 32. Nf6+
{[%clk 0:02:30]} Bxf6 {[%clk 0:02:43]} 33. Qxf6 {[%clk 0:02:28]} Nc6
{[%clk 0:02:19]} 34. Qxd4 {[%clk 0:02:12]} Nxd4 {[%clk 0:02:18]} 35. Rab1
{[%clk 0:01:59]} Nc2 {[%clk 0:02:10]} 36. Rec1 {[%clk 0:01:56]} Nb4
{[%clk 0:02:10]} 37. Rxc8 {[%clk 0:01:52]} Rxc8 {[%clk 0:02:09]} 38. Bxb7
{[%clk 0:01:47]} Rc7 {[%clk 0:02:04]} 39. Bf3 {[%clk 0:01:45]} f5
{[%clk 0:02:04]} 40. Rd1 {[%clk 0:01:39]} Kf7 {[%clk 0:02:01]} 41. Bf4
{[%clk 0:01:35]} Ra7 {[%clk 0:01:49]} 42. g5 {[%clk 0:01:32]} Na2
{[%clk 0:01:21]} 43. Be5 {[%clk 0:01:26]} Nb4 {[%clk 0:01:19]} 44. Kg2
{[%clk 0:01:25]} Na6 {[%clk 0:01:10]} 45. Rh1 {[%clk 0:01:22]} 1-0

[Event "2012"]
[Site "Pyhajarve"]
[Date "2012.11.25"]
[Round "22.2"]
[White "KULAOTS, Kaido"]
[Black "NYBACK, Tomi"]
[Result "1-0"]
[LiveChessVersion "1.3.1"]
[BlackElo "2631"]
[WhiteElo "2537"]

1. e4 {[%clk 0:09:59]} e5 {[%clk 0:09:59]} 2. Nf3 {[%clk 0:09:59]} Nc6
{[%clk 0:09:58]} 3. Bb5 {[%clk 0:09:58]} a6 {[%clk 0:09:57]} 4. Ba4
{[%clk 0:09:57]} Nf6 {[%clk 0:09:56]} 5. O-O {[%clk 0:09:55]} Be7
{[%clk 0:09:55]} 6. Re1 {[%clk 0:09:52]} b5 {[%clk 0:09:53]} 7. Bb3
{[%clk 0:09:51]} O-O {[%clk 0:09:51]} 8. h3 {[%clk 0:09:48]} Bb7 {[%clk 0:09:45]}
9. d3 {[%clk 0:09:44]} d5 {[%clk 0:09:44]} 10. exd5 {[%clk 0:09:39]} Nxd5
{[%clk 0:09:42]} 11. Nxe5 {[%clk 0:09:25]} Nxe5 {[%clk 0:09:40]} 12. Rxe5
{[%clk 0:09:24]} Qd6 {[%clk 0:09:38]} 13. Re1 {[%clk 0:09:12]} Rae8
{[%clk 0:09:36]} 14. Nd2 {[%clk 0:08:25]} c5 {[%clk 0:09:34]} 15. a4
{[%clk 0:08:16]} Bd8 {[%clk 0:08:39]} 16. Rxe8 {[%clk 0:07:41]} Rxe8
{[%clk 0:08:37]} 17. axb5 {[%clk 0:07:40]} Bc7 {[%clk 0:08:28]} 18. Nf1
{[%clk 0:07:17]} axb5 {[%clk 0:08:20]} 19. Bd2 {[%clk 0:06:42]} Nf6
{[%clk 0:07:23]} 20. Be3 {[%clk 0:05:01]} Bb8 {[%clk 0:05:33]} 21. c4
{[%clk 0:04:33]} Qc6 {[%clk 0:03:41]} 22. f3 {[%clk 0:04:26]} Nh5
{[%clk 0:03:19]} 23. cxb5 {[%clk 0:03:35]} Qd6 {[%clk 0:02:44]} 24. Ra4
{[%clk 0:03:02]} Rxe3 {[%clk 0:01:28]} 25. Nxe3 {[%clk 0:02:59]} Qh2+
{[%clk 0:01:26]} 26. Kf2 {[%clk 0:02:19]} Nf4 {[%clk 0:01:24]} 27. Rxf4
{[%clk 0:02:03]} Bxf4 {[%clk 0:01:22]} 28. Nf1 {[%clk 0:02:01]} Qh1
{[%clk 0:01:14]} 29. Qe1 {[%clk 0:01:48]} Kf8 {[%clk 0:01:07]} 30. Qa5
{[%clk 0:01:45]} Bg5 {[%clk 0:00:58]} 31. Qc7 {[%clk 0:01:20]} Bh4+
{[%clk 0:00:57]} 32. Ng3 {[%clk 0:01:07]} Bxg3+ {[%clk 0:00:47]} 33. Qxg3
{[%clk 0:01:06]} Qc1 {[%clk 0:00:41]} 34. Qb8+ {[%clk 0:01:03]} 1-0

[Event "2012"]
[Site "Pyhajarve"]
[Date "2012.11.25"]
[Round "22.3"]
[White "PUUSEPP, Kaimar"]
[Black "MIEZIS, Normunds"]
[Result "0-1"]
[LiveChessVersion "1.3.1"]
[BlackElo "2512"]
[WhiteElo "2273"]

1. Nf3 {[%clk 0:13:58]} c5 {[%clk 0:05:59]} 2. c4 {[%clk 0:13:54]} Nc6
{[%clk 0:05:56]} 3. d4 {[%clk 0:13:51]} cxd4 {[%clk 0:05:53]} 4. Nxd4
{[%clk 0:13:50]} f5 {[%clk 0:05:50]} 5. Nc3 {[%clk 0:13:40]} g6 {[%clk 0:05:47]}
6. e3 {[%clk 0:13:24]} Bg7 {[%clk 0:05:45]} 7. Be2 {[%clk 0:13:17]} Nf6
{[%clk 0:05:42]} 8. O-O {[%clk 0:13:04]} d6 {[%clk 0:05:27]} 9. Nxc6
{[%clk 0:12:34]} bxc6 {[%clk 0:05:25]} 10. Bf3 {[%clk 0:12:33]} Bd7
{[%clk 0:05:20]} 11. e4 {[%clk 0:12:28]} fxe4 {[%clk 0:05:11]} 12. Nxe4
{[%clk 0:12:27]} Nxe4 {[%clk 0:05:06]} 13. Bxe4 {[%clk 0:12:26]} O-O
{[%clk 0:05:02]} 14. Qc2 {[%clk 0:12:03]} Rb8 {[%clk 0:04:56]} 15. Rb1
{[%clk 0:11:52]} Qa5 {[%clk 0:04:50]} 16. b4 {[%clk 0:10:57]} Qh5
{[%clk 0:04:28]} 17. Be3 {[%clk 0:10:47]} a5 {[%clk 0:04:22]} 18. a3
{[%clk 0:10:23]} axb4 {[%clk 0:04:17]} 19. axb4 {[%clk 0:10:22]} d5
{[%clk 0:04:01]} 20. Bd3 {[%clk 0:10:01]} e5 {[%clk 0:03:44]} 21. cxd5
{[%clk 0:09:22]} cxd5 {[%clk 0:03:41]} 22. Qc5 {[%clk 0:08:54]} e4
{[%clk 0:03:32]} 23. Ba6 {[%clk 0:08:00]} Be6 {[%clk 0:03:03]} 24. Bd4
{[%clk 0:07:45]} Be5 {[%clk 0:02:49]} 25. Bxe5 {[%clk 0:07:40]} Qxe5
{[%clk 0:02:46]} 26. Rfd1 {[%clk 0:07:20]} Rf5 {[%clk 0:02:32]} 27. Qd4
{[%clk 0:06:57]} Qd6 {[%clk 0:02:17]} 28. Be2 {[%clk 0:06:48]} Rbf8
{[%clk 0:02:10]} 29. Qxe4 {[%clk 0:05:40]} Rxf2 {[%clk 0:01:59]} 30. Qe3
{[%clk 0:05:26]} d4 {[%clk 0:01:28]} 31. Qxf2 {[%clk 0:04:22]} Rxf2
{[%clk 0:01:26]} 32. Kxf2 {[%clk 0:04:22]} Qf4+ {[%clk 0:01:22]} 33. Kg1
{[%clk 0:03:31]} Qe3+ {[%clk 0:01:21]} 34. Kf1 {[%clk 0:03:31]} Bf5
{[%clk 0:01:19]} 35. Rbc1 {[%clk 0:03:17]} d3 {[%clk 0:01:17]} 36. Bf3
{[%clk 0:03:07]} d2 {[%clk 0:01:16]} 37. Bd5+ {[%clk 0:02:27]} Kf8
{[%clk 0:01:13]} 0-1

[Event "2012"]
[Site "Pyhajarve"]
[Date "2012.11.25"]
[Round "22.4"]
[White "VOLODIN, Aleksandr"]
[Black "SEEMAN, Tarvo"]
[Result "0-1"]
[LiveChessVersion "1.3.1"]
[BlackElo "2386"]
[WhiteElo "2446"]

1. d4 {[%clk 0:07:55]} Nf6 {[%clk 0:11:59]} 2. c4 {[%clk 0:07:52]} g6
{[%clk 0:11:58]} 3. Nf3 {[%clk 0:07:51]} Bg7 {[%clk 0:11:57]} 4. g3
{[%clk 0:07:50]} O-O {[%clk 0:11:55]} 5. Bg2 {[%clk 0:07:49]} d6 {[%clk 0:11:54]}
6. O-O {[%clk 0:07:47]} Nbd7 {[%clk 0:11:53]} 7. b3 {[%clk 0:07:46]} e5
{[%clk 0:11:48]} 8. Bb2 {[%clk 0:07:45]} exd4 {[%clk 0:11:39]} 9. Nxd4
{[%clk 0:07:44]} Re8 {[%clk 0:11:31]} 10. Nc3 {[%clk 0:07:42]} c6
{[%clk 0:11:29]} 11. e3 {[%clk 0:07:40]} Nc5 {[%clk 0:11:25]} 12. Qc2
{[%clk 0:07:34]} a5 {[%clk 0:11:20]} 13. Rad1 {[%clk 0:07:29]} Qe7
{[%clk 0:11:19]} 14. Rd2 {[%clk 0:07:02]} h5 {[%clk 0:11:17]} 15. a3
{[%clk 0:06:41]} h4 {[%clk 0:11:08]} 16. b4 {[%clk 0:06:39]} axb4
{[%clk 0:11:06]} 17. axb4 {[%clk 0:06:38]} Nce4 {[%clk 0:10:56]} 18. Nxe4
{[%clk 0:06:05]} Nxe4 {[%clk 0:10:54]} 19. Rdd1 {[%clk 0:05:35]} Ra2
{[%clk 0:09:29]} 20. Qb3 {[%clk 0:05:26]} Rxb2 {[%clk 0:09:23]} 21. Qxb2 c5
{[%clk 0:09:22]} 22. bxc5 {[%clk 0:04:51]} dxc5 {[%clk 0:09:20]} 23. Qa3
{[%clk 0:04:40]} cxd4 {[%clk 0:09:09]} 24. Qxe7 {[%clk 0:04:38]} Rxe7
{[%clk 0:09:08]} 25. exd4 {[%clk 0:04:10]} h3 {[%clk 0:08:33]} 26. Bxe4
{[%clk 0:03:57]} Rxe4 {[%clk 0:08:31]} 27. Rfe1 {[%clk 0:03:56]} Bf5
{[%clk 0:07:57]} 28. Rxe4 {[%clk 0:03:49]} Bxe4 {[%clk 0:07:56]} 29. d5
{[%clk 0:03:45]} Kf8 {[%clk 0:07:39]} 30. d6 {[%clk 0:03:19]} Bf6
{[%clk 0:07:35]} 31. c5 {[%clk 0:03:01]} Bc6 {[%clk 0:07:01]} 32. Rd3
{[%clk 0:02:45]} Ke8 {[%clk 0:06:38]} 33. f3 {[%clk 0:02:36]} Kd7
{[%clk 0:06:21]} 34. Kf2 {[%clk 0:02:34]} g5 {[%clk 0:06:19]} 35. Ke3
{[%clk 0:02:29]} Bb2 {[%clk 0:05:54]} 36. Rb3 {[%clk 0:02:25]} Be5
{[%clk 0:05:32]} 37. f4 {[%clk 0:02:22]} gxf4+ {[%clk 0:05:29]} 38. gxf4
{[%clk 0:02:21]} Bf6 {[%clk 0:05:13]} 39. Rb1 {[%clk 0:02:19]} Bh4
{[%clk 0:04:58]} 40. Ra1 {[%clk 0:02:13]} Bg3 {[%clk 0:04:31]} 41. Ra2
{[%clk 0:02:02]} Bg2 {[%clk 0:04:14]} 42. Ra4 {[%clk 0:01:23]} Bxh2 43. Kf2 f5
{[%clk 0:03:29]} 44. Rb4 {[%clk 0:01:16]} Bd5 {[%clk 0:03:07]} 45. Rd4
{[%clk 0:01:10]} Be4 {[%clk 0:03:02]} 0-1

[Event "2012"]
[Site "Pyhajarve"]
[Date "2012.11.25"]
[Round "22.5"]
[White "SMITH, Axel"]
[Black "LIIVA, Riho"]
[Result "1-0"]
[LiveChessVersion "1.3.1"]
[BlackElo "2451"]
[WhiteElo "2490"]

1. d4 {[%clk 0:11:59]} d5 {[%clk 0:08:00]} 2. c4 {[%clk 0:11:58]} c6
{[%clk 0:07:59]} 3. Nc3 {[%clk 0:11:57]} e6 {[%clk 0:07:39]} 4. e4
{[%clk 0:11:56]} Bb4 {[%clk 0:07:37]} 5. Bd2 {[%clk 0:11:52]} dxc4
{[%clk 0:07:06]} 6. Bxc4 {[%clk 0:11:50]} Qxd4 7. Qe2 Nd7 {[%clk 0:06:19]} 8. Nf3
{[%clk 0:11:49]} Qb6 {[%clk 0:06:16]} 9. O-O {[%clk 0:11:39]} Ne7
{[%clk 0:06:00]} 10. a3 {[%clk 0:09:26]} Bxc3 {[%clk 0:05:58]} 11. Bxc3
{[%clk 0:09:25]} O-O {[%clk 0:05:49]} 12. Rad1 {[%clk 0:08:40]} Qc7
{[%clk 0:05:41]} 13. e5 {[%clk 0:08:14]} Nd5 {[%clk 0:04:48]} 14. Qe4
{[%clk 0:08:13]} b5 {[%clk 0:04:15]} 15. Ng5 {[%clk 0:07:43]} g6 {[%clk 0:03:47]}
16. Qh4 {[%clk 0:07:21]} h5 {[%clk 0:03:46]} 17. Bxd5 {[%clk 0:06:49]} cxd5
{[%clk 0:03:45]} 18. Rfe1 {[%clk 0:05:50]} Nc5 {[%clk 0:03:14]} 19. g4
{[%clk 0:05:40]} Ne4 {[%clk 0:02:57]} 20. Nxe4 {[%clk 0:05:26]} dxe4
{[%clk 0:02:56]} 21. gxh5 {[%clk 0:05:26]} Bb7 {[%clk 0:01:37]} 22. Qf6
{[%clk 0:04:51]} Kh7 {[%clk 0:01:34]} 23. h6 {[%clk 0:04:34]} Rg8
{[%clk 0:01:31]} 24. Rd6 {[%clk 0:04:25]} g5 {[%clk 0:01:18]} 25. Red1
{[%clk 0:04:05]} Rg6 {[%clk 0:01:07]} 26. Rd7 {[%clk 0:04:01]} Qxd7
{[%clk 0:01:01]} 27. Rxd7 {[%clk 0:03:57]} Rxf6 {[%clk 0:01:00]} 28. exf6
{[%clk 0:03:55]} Bd5 {[%clk 0:00:59]} 29. Rxf7+ {[%clk 0:03:54]} Kxh6
{[%clk 0:00:58]} 30. Rg7 {[%clk 0:03:23]} a5 {[%clk 0:00:47]} 31. Kf1
{[%clk 0:03:11]} Rf8 {[%clk 0:00:40]} 32. Ke2 {[%clk 0:02:55]} e5 33. Bxe5 Rf7
34. Rg8 {[%clk 0:02:31]} Rxf6 {[%clk 0:00:32]} 35. Rh8+ {[%clk 0:02:30]} Kg7
{[%clk 0:00:31]} 36. Bxf6+ {[%clk 0:02:30]} Kxf6 {[%clk 0:00:30]} 37. Ke3
{[%clk 0:02:23]} a4 {[%clk 0:00:30]} 38. Kd4 {[%clk 0:02:18]} Bc4
{[%clk 0:00:28]} 39. Kxe4 {[%clk 0:02:16]} Kg6 {[%clk 0:00:28]} 40. Ke5
{[%clk 0:02:12]} Bb3 {[%clk 0:00:27]} 41. Rd8 {[%clk 0:02:11]} Kh5
{[%clk 0:00:26]} 42. h3 {[%clk 0:02:07]} Bc4 43. Ke4 1-0

[Event "2012"]
[Site "Pyhajarve"]
[Date "2012.11.25"]
[Round "22.6"]
[White "VOROBJOV, Pavel"]
[Black "SEPP, Olav"]
[Result "0-1"]
[LiveChessVersion "1.3.1"]
[BlackElo "2446"]
[WhiteElo "2206"]

1. e4 {[%clk 0:09:58]} e5 {[%clk 0:10:00]} 2. Nf3 Nc6 3. d4 {[%clk 0:09:56]} exd4
{[%clk 0:09:58]} 4. Nxd4 {[%clk 0:09:54]} Nf6 {[%clk 0:09:58]} 5. Nc3
{[%clk 0:09:51]} Bb4 {[%clk 0:09:57]} 6. Nxc6 {[%clk 0:09:48]} bxc6
{[%clk 0:09:56]} 7. Bd3 {[%clk 0:09:46]} O-O {[%clk 0:09:54]} 8. O-O
{[%clk 0:09:41]} d5 {[%clk 0:09:54]} 9. exd5 {[%clk 0:09:40]} cxd5
{[%clk 0:09:53]} 10. h3 {[%clk 0:09:37]} c6 {[%clk 0:09:48]} 11. Qf3
{[%clk 0:09:28]} Re8 {[%clk 0:09:42]} 12. Bf4 {[%clk 0:09:22]} Bd6
{[%clk 0:09:15]} 13. Rfe1 {[%clk 0:09:10]} Be6 {[%clk 0:09:07]} 14. Rad1
{[%clk 0:08:57]} Rb8 {[%clk 0:08:56]} 15. b3 {[%clk 0:08:51]} Rb4
{[%clk 0:08:53]} 16. Be5 {[%clk 0:07:49]} Bxe5 {[%clk 0:08:49]} 17. Rxe5
{[%clk 0:07:46]} Nd7 {[%clk 0:07:39]} 18. Ree1 {[%clk 0:06:40]} Qf6
{[%clk 0:07:38]} 19. Qxf6 {[%clk 0:06:34]} Nxf6 {[%clk 0:07:37]} 20. Na4
{[%clk 0:06:21]} Nd7 {[%clk 0:07:34]} 21. c3 {[%clk 0:06:08]} Rbb8
{[%clk 0:07:32]} 22. f4 {[%clk 0:06:03]} g6 {[%clk 0:07:09]} 23. Kf2
{[%clk 0:05:41]} Kf8 {[%clk 0:06:21]} 24. g4 {[%clk 0:05:38]} f6 {[%clk 0:06:11]}
25. Kf3 {[%clk 0:05:22]} Bf7 {[%clk 0:06:05]} 26. h4 {[%clk 0:04:47]} h6
{[%clk 0:05:51]} 27. Bc2 {[%clk 0:04:23]} a5 {[%clk 0:05:27]} 28. Nb2
{[%clk 0:04:08]} Nc5 {[%clk 0:05:09]} 29. g5 {[%clk 0:04:03]} hxg5
{[%clk 0:05:00]} 30. hxg5 {[%clk 0:04:02]} fxg5 {[%clk 0:04:57]} 31. fxg5
{[%clk 0:04:00]} Kg7 {[%clk 0:04:50]} 32. Kg3 {[%clk 0:03:19]} Re6
{[%clk 0:04:30]} 33. Rxe6 {[%clk 0:03:17]} Nxe6 {[%clk 0:04:29]} 34. Nd3
{[%clk 0:02:57]} Nxg5 {[%clk 0:04:17]} 35. Ne5 {[%clk 0:02:57]} Be8
{[%clk 0:04:16]} 36. Rd4 {[%clk 0:02:44]} Kf6 {[%clk 0:03:47]} 37. Ng4+
{[%clk 0:02:43]} Ke6 {[%clk 0:03:44]} 38. Ra4 {[%clk 0:02:38]} Rb5
{[%clk 0:02:57]} 39. Bd3 {[%clk 0:02:22]} Rc5 {[%clk 0:02:53]} 40. c4
{[%clk 0:02:19]} d4 {[%clk 0:02:46]} 41. b4 {[%clk 0:02:07]} axb4
{[%clk 0:02:45]} 42. Rxb4 {[%clk 0:02:05]} Ra5 {[%clk 0:02:38]} 43. a4
{[%clk 0:02:03]} Kd6 {[%clk 0:02:01]} 44. Nf6 {[%clk 0:01:56]} Bf7
{[%clk 0:01:57]} 45. Kf4 {[%clk 0:01:40]} Ne6+ {[%clk 0:01:50]} 46. Ke4
{[%clk 0:01:28]} Re5+ {[%clk 0:01:42]} 47. Kf3 {[%clk 0:01:26]} Nc5
{[%clk 0:01:40]} 48. Ne4+ {[%clk 0:01:21]} Nxe4 {[%clk 0:01:28]} 49. Bxe4
{[%clk 0:01:20]} Rc5 {[%clk 0:01:11]} 50. Rb7 {[%clk 0:01:16]} Bxc4
{[%clk 0:01:10]} 51. Bxg6 {[%clk 0:01:13]} Ra5 {[%clk 0:01:05]} 52. Bc2
{[%clk 0:01:08]} c5 {[%clk 0:01:02]} 53. Rh7 {[%clk 0:01:03]} Bd5+
{[%clk 0:01:01]} 54. Ke2 {[%clk 0:01:02]} c4 {[%clk 0:00:59]} 55. Kd2
{[%clk 0:01:00]} Ra8 {[%clk 0:00:51]} 56. Rh6+ {[%clk 0:01:00]} Kc5
{[%clk 0:00:50]} 57. Rh5 {[%clk 0:00:59]} Re8 {[%clk 0:00:40]} 58. a5
{[%clk 0:00:58]} c3+ {[%clk 0:00:37]} 59. Kd1 {[%clk 0:00:57]} Kc4
{[%clk 0:00:35]} 60. Rf5 {[%clk 0:00:53]} Be4 {[%clk 0:00:19]} 61. Rf7
{[%clk 0:00:40]} Bxc2+ {[%clk 0:00:18]} 62. Kxc2 {[%clk 0:00:40]} Re2+
{[%clk 0:00:18]} 63. Kd1 Ra2 64. Rc7+ Kd3 65. Ke1 Rxa5 66. Rb7 Ra1+
{[%clk 0:00:16]} 67. Kf2 {[%clk 0:00:34]} 0-1

[Event "2012"]
[Site "Pyhajarve"]
[Date "2012.11.25"]
[Round "23.1"]
[White "SHORT, Nigel"]
[Black "PORRASMAA, Timo"]
[Result "1-0"]
[LiveChessVersion "1.3.1"]
[BlackElo "2048"]
[WhiteElo "2702"]

1. e4 {[%clk 0:03:59]} Nc6 {[%clk 0:15:57]} 2. Nf3 {[%clk 0:03:58]} d5
{[%clk 0:15:56]} 3. exd5 {[%clk 0:03:57]} Qxd5 {[%clk 0:15:55]} 4. Nc3
{[%clk 0:03:56]} Qa5 {[%clk 0:15:53]} 5. Bb5 {[%clk 0:03:53]} Bd7
{[%clk 0:15:51]} 6. O-O {[%clk 0:03:52]} O-O-O {[%clk 0:15:42]} 7. Re1
{[%clk 0:03:51]} Nf6 {[%clk 0:15:23]} 8. a3 {[%clk 0:03:50]} e6 {[%clk 0:14:42]}
9. Rb1 {[%clk 0:03:45]} a6 {[%clk 0:14:09]} 10. b4 {[%clk 0:03:44]} Qb6
{[%clk 0:14:08]} 11. Bf1 {[%clk 0:03:43]} Bd6 {[%clk 0:13:15]} 12. b5
{[%clk 0:03:39]} axb5 {[%clk 0:11:12]} 13. Nxb5 {[%clk 0:03:38]} Qc5
{[%clk 0:10:39]} 14. d4 {[%clk 0:03:35]} Qh5 {[%clk 0:10:16]} 15. c4
{[%clk 0:03:34]} e5 {[%clk 0:09:19]} 16. Qb3 {[%clk 0:03:28]} exd4
{[%clk 0:09:05]} 17. Nxd6+ {[%clk 0:03:25]} 1-0

[Event "2012"]
[Site "Pyhajarve"]
[Date "2012.11.25"]
[Round "23.2"]
[White "MIEZIS, Normunds"]
[Black "TUULIK, Ylo"]
[Result "1/2-1/2"]
[LiveChessVersion "1.3.1"]
[BlackElo "1923"]
[WhiteElo "2512"]

1. c4 {[%clk 0:01:59]} Nc6 {[%clk 0:18:00]} 2. Nc3 e5 3. g3 {[%clk 0:01:56]} d6
{[%clk 0:18:00]} 4. Bg2 {[%clk 0:01:54]} Be6 {[%clk 0:17:59]} 5. d3
{[%clk 0:01:52]} Nf6 {[%clk 0:17:58]} 6. h3 {[%clk 0:01:51]} Be7 {[%clk 0:17:57]}
7. Nf3 {[%clk 0:01:49]} h6 {[%clk 0:17:56]} 8. e4 {[%clk 0:01:47]} Qd7
{[%clk 0:17:53]} 9. Nd5 {[%clk 0:01:45]} O-O-O {[%clk 0:17:46]} 10. Be3
{[%clk 0:01:43]} Kb8 {[%clk 0:17:34]} 11. Qd2 {[%clk 0:01:41]} g5
{[%clk 0:16:53]} 12. b4 {[%clk 0:01:38]} Rdg8 {[%clk 0:16:45]} 13. b5
{[%clk 0:01:37]} Bxd5 {[%clk 0:16:44]} 14. cxd5 {[%clk 0:01:30]} Nd8
{[%clk 0:16:35]} 15. g4 b6 {[%clk 0:15:50]} 16. a4 {[%clk 0:01:17]} Nxd5
{[%clk 0:15:36]} 17. exd5 {[%clk 0:01:15]} f5 {[%clk 0:15:35]} 18. gxf5
{[%clk 0:01:12]} g4 {[%clk 0:15:32]} 19. hxg4 {[%clk 0:01:05]} Rxg4
{[%clk 0:15:26]} 20. Bh3 {[%clk 0:01:04]} Rhg8 {[%clk 0:15:15]} 21. f6
{[%clk 0:00:47]} Bxf6 {[%clk 0:15:11]} 22. Ke2 {[%clk 0:00:45]} e4
{[%clk 0:15:03]} 23. dxe4 {[%clk 0:00:43]} Bxa1 {[%clk 0:14:54]} 24. Rxa1
{[%clk 0:00:42]} h5 {[%clk 0:14:48]} 25. a5 {[%clk 0:00:40]} Qxb5+
{[%clk 0:14:44]} 26. Qd3 {[%clk 0:00:33]} Qb2+ {[%clk 0:14:37]} 27. Nd2
{[%clk 0:00:32]} Qxa1 {[%clk 0:14:26]} 28. Bxg4 {[%clk 0:00:29]} hxg4
{[%clk 0:14:20]} 29. axb6 {[%clk 0:00:28]} axb6 {[%clk 0:14:19]} 30. Bd4
{[%clk 0:00:26]} Qh1 {[%clk 0:14:00]} 31. Qa6 {[%clk 0:00:19]} Nb7
{[%clk 0:13:56]} 32. Be3 {[%clk 0:00:15]} g3 {[%clk 0:13:52]} 33. Nc4
{[%clk 0:00:12]} Qh5+ {[%clk 0:13:49]} 34. f3 {[%clk 0:00:10]} Qh2+
{[%clk 0:13:39]} 35. Kd3 {[%clk 0:00:09]} Nc5+ {[%clk 0:13:17]} 36. Bxc5
{[%clk 0:00:07]} dxc5 {[%clk 0:13:16]} 37. Nxb6 {[%clk 0:00:03]} cxb6
{[%clk 0:13:14]} 38. Qxb6+ {[%clk 0:00:02]} Ka8 {[%clk 0:13:13]} 39. Qa6+
{[%clk 0:00:01]} 1/2-1/2